सफल जीवन / (Record no. 13970)

MARC details
000 -LEADER
fixed length control field 01131nam a22002177a 4500
005 - DATE AND TIME OF LATEST TRANSACTION
control field 20080625100955.0
008 - FIXED-LENGTH DATA ELEMENTS--GENERAL INFORMATION
fixed length control field 080625t xxu||||| |||| 00| 0 hin d
010 ## - LCCN (DPL NO)
LC control number HIN-46011
020 ## - INTERNATIONAL STANDARD BOOK NUMBER
Terms of availability 30.00
035 ## - SYSTEM CONTROL NUMBER
System control number HN-27339
037 ## - SOURCE OF ACQUISITION
Source of stock number/acquisition DBAD
040 ## - CATALOGING SOURCE
Original cataloging agency dpl
Language of cataloging HN
082 ## - DEWEY DECIMAL CLASSIFICATION NUMBER
Classification number 158.1
100 ## - MAIN ENTRY--PERSONAL NAME
Personal name सत्यकाम विद्यांलकार
245 ## - TITLE STATEMENT
Title सफल जीवन /
Statement of responsibility, etc सत्यकाम विद्यालंकार
260 ## - PUBLICATION, DISTRIBUTION, ETC. (IMPRINT)
Place of publication, distribution, etc दिल्ली
Name of publisher, distributor, etc राजपाल एण्ड संस
Date of publication, distribution, etc 1999
300 ## - PHYSICAL DESCRIPTION
Extent 99पृ
Dimensions 20सेमी.
942 ## - ADDED ENTRY ELEMENTS (KOHA)
Item type Hindi Books
Source of classification or shelving scheme Dewey Decimal Classification
Classification part 158.1 सत्यका
Call number prefix 158.1
Call number suffix सत्यका
Holdings
Withdrawn status Lost status Source of classification or shelving scheme Damaged status Not for loan Collection code Home library Current library Date acquired Cost, normal purchase price Total Checkouts Full call number Barcode Date last seen Copy number Cost, replacement price Koha item type Source of acquisition
    Dewey Decimal Classification   Not For Loan Non-fiction D.B.Act.Division D.B.Act.Division 25/06/2008 30.00   158.1 / सत्यका HN-27339 15/09/2008 1 30.00 Hindi Books  
    Dewey Decimal Classification     Non-fiction Vinoba Puri Vinoba Puri 27/09/2008 45.00 5 158.1 सत्यका सत्यका B-281561 28/07/2010 1 45.00 Hindi Books BPPD /

© Delhi Public Library
Hit Counter
free hit counter